000 01467nam a22003737a 4500
003 CHAP
005 20220329140206.0
008 971013s1978 r 00010 d
010 _a48347
011 _a49319
035 _a53467
040 _cCHAP
090 _aTesis
100 0 0 _aTornero Campante, Mario Alberto.
_9113953
245 _aGeneración de tecnología de producción para el cultivo del maíz, bajo condiciones de temporal limitativo, en una área de la zona norte del Valle de México; un procedimiento para determinar dosis óptimas económicas, cuando se manejan diseños fac
260 _aChapingo, Méx. :
_bEl autor,
_c1978
300 _a183 h.
_b: gráfs.
502 _aTesis (M. en C. Esp. en Suelos) -- SARH. Colegio de Postgraduados
590 _aALEPH
_b10
_c20130110
_lUCH01
_h1319
590 _aBATCH-UPD
_b10
_c20130110
_lUCH01
_h1033
590 _aBATCH-UPD
_b10
_c20130410
_lUCH01
_h0635
590 _aBATCH-UPD
_b10
_c20130913
_lUCH01
_h2146
590 _aBATCH-UPD
_b10
_c20130914
_lUCH01
_h1752
590 _aCONVERSION
_b10
_c20130109
_lUCH01
_h1326
650 1 4 _aAgricultura de temporal.
_91999
650 1 4 _aAgricultura
_xInnovaciones tecnológicas.
_91565
650 1 4 _aMaíz
_xRendimiento.
_971051
650 1 4 _aMaíz
_xValle de México.
_971077
901 _aBK
942 _cFOLL
949 _bBC
_cTES
_d-118542
_eTS1
_i53467
_si
949 _bBC
_cTES
_d-118543
_eTS2
_fc.2
_i53467
_si
949 _bBC
_cTES
_d-118544
_eTS2
_fc.3
_i53467
_si
999 _c48347
_d48347